01001 2200313 4500001002100000005001500021035002000036007000300056008004100059020002200100040002200122082001600144084001800160090002200178100003400200245011300234250003500347300005400382650002200436700003300458850001200491504003400503264003200537336002100569337003000590338002300620999002200643990002200665INLIS00000000088783820240624015021 a0010-0624000740ta240624s2023 yoia g eng d a978-623-02-7615-6 aYOPDYOGbinderda04223a297.272 a297.272 MOH i aCB-D.11 2023-55070 aMohsin Hassan Khanepengarang10aIslamphobia and hate speech in the us political discourse /cMohsin Hassa Khan; penyunting, Lalu Nurul Yaqin aCetakan pertama, November 2023 aX, 298 halaman :bdiagram, tabel, gambar ;c23 cm 4aIslam dan politik0 aLalu Nurul Yaqinepenyunting aYOPDYOG aBibliografi : halaman 259-29631aSleman :bDeepublish,c2023 2rdacontentateks 2rdamediaatanpa perantara 2rdacarrieravolume aCB-D.11/2023-5507 aCB-D.11/2023-5507